000 00483ntaaa2200193 4500
003 01
005 20251027202701.0
008 0714s1973 ag 01
040 _aAR-BaBN
_bspa
_cAR-BaBN
_eaacr
_dRIC
082 _a465.0000
100 _aReal Academia Española
245 _aGramática de la lengua española
250 _a1 ed.
260 _aMadrid :
_bEspasa-Calpe,
_cc1931
300 _a534 p
650 _agramática española
650 _aespañol-gramática
942 _cBK
999 _c22011
_d22011